=LDR 00000nam 2200000 4500 =001 INLIS000000000047454 =005 20151126115028.0 =006 =007 =008 =035 ##$$0010-111500000000058 =082 ##$$a R.7446.605 981 6 =084 ##$$a R.746.605 981 6 =090 ##$$a R.746.605 981 6 $b Her p =100 ##$$a Herman Yusuf =245 ##$$a Pendar-pendar kilau pelangi :$b Wasta Adato dari Selatan Sumatera/ $c Penulis Herman Yusuf; editor Virginia Rusl =250 ##$$a Cet.2 =260 ##$$a Jakarta : $b PT Livimbi Media, $c 2012 =300 ##$$a 120 hlm.: $b ilus.' $c 29 cm. =650 ##$$a Tenunan Sumatera Selatan =700 ##$$a Virginia Rusli =850 ##$$a NBPDMAT